000 00951nas a2200301 4500
001 BR0800579
003 BR-BrBNA
005 20231205111516.0
007 ta
008 230509b bl.|||p| |||| 00| 00por d
040 _aBR-BrBNA
_bpor
_cBiblioteca Nacional de Agricultura
041 _a(Pt)
072 _aH10; H20
100 1 _aBrandão, J.A.C.
100 1 _aCavalcante, U.M.T.
100 1 _aPedrosa, E.M.R.
100 1 _aMaia, L.C.
245 1 _aInteração entre fungos micorrízicos arbusculares e Pratylenchus Coffea na produção de mudas de gravioleira (Annona Muricata)
650 _aPRAGA DE PLANTA
650 _aDOENÇA DE PLANTA
650 _aMICORRIZA
650 _aFUNGO PARA CONTROLE BIOLOGICO
650 _aNEMATÓIDE
650 _aGRAVIOLA
773 0 _tNematologia Brasileira (Brazil)
_xISSN 0102-2997
_g(Jun 2004), v. 28(1) p. 27-33
_wBR0800579
909 _a202311
_bLúcia
_c55
_dLúcia Elande
942 _2AGRIS
_n0
_cANA
999 _c193100
_d193100